ARRUPE JESUIT UNIVERSITY

CORONAVIRUS -STOP THE SPREAD - CLEAN,DISINFECT,COVER

Inner Compass (Record no. 9744)

MARC details
000 -LEADER
fixed length control field 00471nam a2200205Ia 4500
003 - CONTROL NUMBER IDENTIFIER
control field 0100
008 - FIXED-LENGTH DATA ELEMENTS--GENERAL INFORMATION
fixed length control field 130303s9999 xx 000 0 und d
020 ## - INTERNATIONAL STANDARD BOOK NUMBER
International Standard Book Number 0829413669
040 ## - CATALOGING SOURCE
Transcribing agency ARRUPELIB
050 ## - LIBRARY OF CONGRESS CALL NUMBER
Classification number BX2179.L9S49 1999
300 ## - PHYSICAL DESCRIPTION
Other physical details 196p. 22cm.
100 ## - MAIN ENTRY--PERSONAL NAME
Personal name Margaret Silf
245 ## - TITLE STATEMENT
Title Inner Compass
245 ## - TITLE STATEMENT
Remainder of title an invitation to Ignatian Spirituality
260 ## - PUBLICATION, DISTRIBUTION, ETC. (IMPRINT)
Place of publication, distribution, etc Chicago
260 ## - PUBLICATION, DISTRIBUTION, ETC. (IMPRINT)
Name of publisher, distributor, etc Loyola Press
260 ## - PUBLICATION, DISTRIBUTION, ETC. (IMPRINT)
-- 1999
300 ## - PHYSICAL DESCRIPTION
Extent xviii
942 00 - ADDED ENTRY ELEMENTS (KOHA)
Koha issues (borrowed), all copies 2
Holdings
Withdrawn status Lost status Source of classification or shelving scheme Damaged status Not for loan Collection code Home library Current library Shelving location Date acquired Total Checkouts Full call number Barcode Checked out Date last seen Date checked out Copy number Price effective from Koha item type
    Library of Congress Classification     Main Collection ARRUPE LIBRARY ARRUPE LIBRARY   04/03/2013 21 BX2179.L9S49 1999 46003026693 06/10/2023 22/09/2023 22/09/2023 1 04/03/2013 Monograph ( Printed materials)
    Library of Congress Classification     Main Collection ARRUPE LIBRARY ARRUPE LIBRARY   04/03/2013 6 BX2179.L9S49 1999 46004002346   03/04/2025 17/08/2022 2 04/03/2013 Monograph ( Printed materials)

 

Arrupe Library. PO Box MP320 Mt Pleasant, Harare, Zimbabwe
263 242 745411|librarian@aju.ac.zw